000 00815nam a2200253 i 4500
001 bg
100 1 _aGÓRAL, Zygfryd
245 1 0 _aAngielsko-polski podręczny słownik mechanika okrętowego /
_czebrał i oprac. Zygfryd Góral ; Akademia Morska w Szczecinie.
260 _aSzczecin :
_bAkademia Morska,
_c2004.
300 _a148 s. ;
_c24 cm.
500 _aNa okł. podtyt.: w siłowni okrętowej mówimy po angielsku".
504 _aBibliogr. s. 148.
650 9 _aSłownik angielsko-polski
650 9 _aStatki
_xmechanika
_xterminologia
655 _aSłowniki
710 0 _aAkademia Morska (Szczecin)
020 _a8386494921
040 _cBPK
041 w _apoleng
080 _a629.5:531](038)=111=162.1
920 _a83-86494-92-1
942 _cKS
008 s pl f |000 0 pol
999 _c52098
_d52098
856 _uhttp://koha.tu.koszalin.pl/cgi-bin/koha/opac-detail.pl?biblionumber=52098
_yKatalog online BPK